000 00360 a2200145 4500
003 Nust
005 20221220130242.0
040 _cNust
082 _a177.7, INT
100 _aInternational
245 _aThe photo-drama of Creation
_cinternational
260 _aLondon
_bInternational bible students association
_c1914
300 _a96 p.;
942 _2ddc
_cBK
999 _c193862
_d193862